000 00513nam a2200181Ia 4500
005 20250326124131.0
008 250326s9999 xx 000 0 und d
037 _aTextbook
040 _aFMSL
_beng
_cFMSL
041 _aeng
_2eng
084 _aX:51y7 L5
_qFMSL
100 _aBuurman R H
_9736845
245 0 _aExercises in marketing: projects and case studies
_cBuurman R H
260 _aLondon
_bLondon, Cassell
_c1975
300 _a196p
942 _cTB
_hX:51y7 L5
999 _c1272429
_d1272429